| 000 | 00400nam a22001337a 4500 | ||
|---|---|---|---|
| 082 |
_a551.48 _bWAN _cD. |
||
| 100 |
_aWanielista, Martin. _940457 |
||
| 245 |
_aHydrology water quantity and quality control. _cMartin Wanielista. |
||
| 260 |
_aNew York _bJohn Wiley & Sons, Lnc. |
||
| 300 |
_axiii, 567 P.; _bill. |
||
| 526 |
_a0 _b0 _c0 _d551_480000000000000_WAN |
||
| 650 |
_aMCE _9379 |
||
| 942 |
_2ddc _cBK |
||
| 999 |
_c544738 _d544738 |
||